[Event "Senior DM 2019-50+"]
[Site "Aarhus"]
[Date "2019.02.17"]
[Round "7"]
[White "Lindestrom, Torsten"]
[Black "Cordes, Steffen"]
[Result "1/2-1/2"]
[WhiteElo "2198"]
[BlackElo "1957"]
[EventDate "2019.02.09"]
[EventType "swiss"]
[EventRounds "7"]
[EventCountry "DEN"]

1. d4 Nf6 2. Bg5 g6 3. Bxf6 exf6 4. g3 Bg7 5. e3 O-O 6. Bg2 Re8 7. Ne2 d6 8. c4
Nd7 9. Nbc3 f5 10. Qc2 Nf6 11. O-O c6 12. b4 Rb8 13. a4 Qe7 14. Rab1 Bd7 15. b5
Ne4 16. Nf4 g5 17. bxc6 bxc6 18. Nh5 Nxc3 19. Qxc3 Bh8 20. Qa5 f4 21. Rxb8 Rxb8
22. Qxa7 Qd8 23. gxf4 Ra8 24. Qb7 Rb8 25. Qa6 Ra8 26. Qb7 Rb8 1/2-1/2

[Event "Senior DM 2019-50+"]
[Site "Aarhus"]
[Date "2019.02.17"]
[Round "7"]
[White "Nielsen, Carsten Juul"]
[Black "Vang, Frank Lennart"]
[Result "0-1"]
[WhiteElo "1913"]
[BlackElo "1955"]
[EventDate "2019.02.09"]
[EventType "swiss"]
[EventRounds "7"]
[EventCountry "DEN"]

1. d4 d5 2. c4 Bf5 3. cxd5 Bxb1 4. Rxb1 Qxd5 5. Qb3 Qe4 6. Ra1 e5 7. Qb5+ Nc6
8. Bd2 O-O-O 9. Nf3 exd4 10. g3 d3 11. Bh3+ Kb8 12. O-O dxe2 13. Rfe1 Qxf3 14.
Bg2 Qd3 0-1

[Event "Senior DM 2019-50+"]
[Site "Aarhus"]
[Date "2019.02.17"]
[Round "7"]
[White "Poulsen, Knud"]
[Black "Lilja, Richard"]
[Result "1-0"]
[WhiteElo "1747"]
[BlackElo "2138"]
[EventDate "2019.02.09"]
[EventType "swiss"]
[EventRounds "7"]
[EventCountry "DEN"]

1. c4 Nf6 2. Nc3 g6 3. g3 Bg7 4. Bg2 O-O 5. e4 e5 6. Nge2 d6 7. O-O Be6 8. d3
Qd7 9. f4 Bh3 10. f5 Bxg2 11. Kxg2 Nc6 12. h3 gxf5 13. exf5 d5 14. cxd5 Nxd5
15. Ne4 Nf6 16. N2c3 Nxe4 17. Nxe4 f6 18. Kh2 Nd4 19. Qg4 Kh8 20. Rf2 b6 21.
Be3 Rg8 22. Qh5 Rad8 23. Rd1 Nb5 24. g4 Nd6 25. Nc3 Rgf8 26. Rc2 c5 27. Rcd2
Qf7 28. Qh4 Qb7 29. Rf1 Rd7 30. Qg3 a6 31. h4 Rdf7 32. Rdf2 Qc6 33. Qh3 Qd7 34.
Kg1 Rg8 35. Rh2 Bf8 36. Rg2 Qc6 37. g5 Rfg7 38. Rf3 Be7 39. h5 fxg5 40. f6 g4
41. fxg7+ Rxg7 42. Rxg4 1-0

[Event "Senior DM 2019-50+"]
[Site "Aarhus"]
[Date "2019.02.17"]
[Round "7"]
[White "Rewitz, Poul"]
[Black "Horslund, Mikael"]
[Result "1-0"]
[WhiteElo "2227"]
[BlackElo "1696"]
[EventDate "2019.02.09"]
[EventType "swiss"]
[EventRounds "7"]
[EventCountry "DEN"]

1. d4 d6 2. Nf3 Nf6 3. g3 Bg4 4. Bg2 c6 5. a4 Nbd7 6. a5 e6 7. O-O Be7 8. Nbd2
d5 9. h3 Bxf3 10. exf3 O-O 11. Re1 c5 12. dxc5 Bxc5 13. Nb3 Be7 14. Be3 Re8 15.
Bd4 a6 16. f4 Bf8 17. c3 Rc8 18. Re2 Nc5 19. Nc1 Nce4 20. Nd3 Qd7 21. Qa4 Qxa4
22. Rxa4 Nc5 23. Nxc5 Bxc5 24. Bxf6 gxf6 25. f5 exf5 26. Rxe8+ Rxe8 27. Kf1 Kg7
28. Bxd5 Re7 29. Rc4 Bd6 30. Rc8 f4 31. Rc4 fxg3 32. fxg3 f5 33. Kf2 Kf6 34.
Bf3 Ke5 35. b4 f6 36. Rc8 f4 37. g4 f5 38. g5 Ke6 39. h4 Ke5 40. h5 Ke6 41. h6
Be5 42. Bh5 Kd7 43. Rc5 Ke6 44. Kf3 Rd7 45. Ke2 Rd8 46. Bf3 Rd7 47. Rc8 Ke7 48.
Bh5 Ke6 49. Be8 Re7 50. Kf3 Bd6 51. g6 hxg6 52. Bxg6 Be5 53. h7 1-0

[Event "Senior DM 2019-50+"]
[Site "Aarhus"]
[Date "2019.02.17"]
[Round "7"]
[White "Rosenberg, Jan"]
[Black "Friis, Henrik"]
[Result "1/2-1/2"]
[WhiteElo "1857"]
[BlackElo "1781"]
[EventDate "2019.02.09"]
[EventType "swiss"]
[EventRounds "7"]
[EventCountry "DEN"]

1. d4 Nf6 2. Nf3 g6 3. Bf4 Bg7 4. Nbd2 b6 5. e3 Bb7 6. Bd3 O-O 7. e4 d6 8. Qe2
Nc6 9. c3 Nh5 10. Be3 e5 11. d5 Nb8 12. g3 Nd7 13. O-O a5 14. b4 Nhf6 15. Nh4
Re8 16. a4 Bc8 17. Bb5 Re7 18. f3 Nh5 19. Nb3 Nf8 20. Qd2 f5 21. exf5 gxf5 22.
Bg5 Nf6 23. Bd3 axb4 24. cxb4 Qe8 25. a5 e4 26. Bb5 Qxb5 27. Nd4 Qxd5 28. Rfc1
c5 29. Ndxf5 Qxd2 30. Nxe7+ Kf7 31. Bxd2 Kxe7 32. Ra3 Ng6 33. Ng2 exf3 34. Rxf3
bxa5 35. bxc5 d5 36. Bg5 h6 37. Bxf6+ Bxf6 38. c6 Bd4+ 39. Kh1 Kd6 40. Rf7 Be6
41. Rb7 Ne7 42. c7 Bc8 43. Rb8 Ra7 44. Nf4 Rxc7 45. Rd1 Rc4 46. Ra8 a4 47. Ra5
Bb7 48. Rb1 Bc6 49. Ra6 Bc5 50. h4 Nf5 51. Kh2 a3 52. Rb8 Rc2+ 53. Kh3 Kc7 54.
Rh8 Bd7 55. Ne6+ Bxe6 56. Rxe6 Nd6 57. Ra8 a2 58. Rxh6 Kc6 59. h5 Kb5 60. Rhh8
Bd4 61. Rhb8+ Kc4 62. Ra4+ Kd3 63. Rba8 a1=Q 64. Rxa1 Bxa1 65. Rxa1 Ke2 66. Ra5
Rd2 67. h6 Nf5 68. h7 Rd1 69. Kg4 Ne3+ 70. Kg5 Rh1 71. Kg6 Kf3 72. Ra3 d4 73.
Kg7 Kxg3 74. h8=Q Rxh8 75. Kxh8 Kf3 76. Ra4 Ke4 77. Kg7 Kd3 78. Kf6 Nc4 79. Ke6
Kc3 80. Ra8 d3 81. Rd8 d2 1/2-1/2

[Event "Senior DM 2019-50+"]
[Site "Aarhus"]
[Date "2019.02.17"]
[Round "7"]
[White "Westenborg, Allan"]
[Black "Starup, Leo"]
[Result "0-1"]
[WhiteElo "1893"]
[BlackElo "1554"]
[EventDate "2019.02.09"]
[EventType "swiss"]
[EventRounds "7"]
[EventCountry "DEN"]

1. d4 d5 2. Bf4 b6 3. e3 Bb7 4. Nd2 Nf6 5. Bd3 e6 6. Ngf3 Bd6 7. Bg3 Nbd7 8. c3
a5 9. Qe2 Rc8 10. a4 Qe7 11. Ne5 c5 12. Ndf3 Ne4 13. Bb5 Nef6 14. Ng5 Bxe5 15.
dxe5 Ne4 16. Nxe4 dxe4 17. Rd1 Rd8 18. Rd6 O-O 19. Bxd7 Rxd7 20. Rxb6 Rd3 21.
O-O Rfd8 22. Qc2 c4 23. b4 cxb3 24. Qxb3 Bd5 25. Qb2 Qc7 26. Rc1 Bb3 27. Rd6
Rb8 28. Qa1 Bd5 29. h3 Rb3 30. c4 Bxc4 31. Rxc4 Qxc4 32. Rd8+ Rxd8 0-1